Manual do bonsai (Registo nº 200131)
[ vista simples ]
| 000 -Etiqueta do registo | |
|---|---|
| Valores | 00713nam 22002293 4500 |
| 010 ## - Número ISBN | |
| ISBN | 972-33-1691-9 |
| 021 ## - Número do Depósito Legal | |
| Código do país | Portugal |
| Número | 172853/01 |
| 100 ## - Dados gerais de processamento | |
| Dados gerais | 20260122d u||y0pory50 ba |
| 200 ## - Titulo e menção de responsabilidade | |
| Título próprio | Manual do bonsai |
| Primeira menção de responsabilidade | David Prescott |
| Outras menções de responsabilidade | consultor Colin Lewis ; ilustração Steven Felmore ; tradução Helena Silva |
| 210 ## - Publicação | |
| Local de publicação | Lisboa |
| Nome do editor | Estampa |
| Data de publicação | D.L. 2001 |
| 215 ## - Descrição física | |
| Paginação / Volumes | 160 p. |
| Outras indicações físicas | il. ; encadernado |
| Dimensões | 29 cm |
| 606 ## - Nome comum usado como assunto | |
| ID Autoridade | 869 |
| Palavra de ordem | Botânica |
| 610 ## - Termos não controlados | |
| Palavra de ordem | Plantas ornamentais e decorativas--Bonsai |
| 675 ## - CDU | |
| Notação | 58 |
| Edição | PT |
| Língua | por |
| 675 ## - CDU | |
| Notação | 635.9 |
| Edição | PT |
| Língua | por |
| 700 ## - Autor principal (pessoa individual) | |
| ID Autoridade | 15946 |
| Apelido | Prescott |
| Nome | David |
| Datas | 1961- |
| 701 ## - Co-autor principal (pessoa individual) | |
| ID Autoridade | 15947 |
| Apelido | Lewis |
| Nome | Colin |
| 801 ## - Fonte de origem | |
| País | PT |
| Agência | BMMN |
| Regras de catalogação | RPC |
| 830 ## - Notas gerais do catalogador | |
| Criado por | Ana |
| Indexado por | Ana |
| 990 ## - Elementos KOHA | |
| Tipo de documento | Livro |
| Situação do levantamento | Biblioteca de origem | Código de barras | Cota | Permissão de empréstimo | Tipo de documento | Forma de aquisição |
|---|---|---|---|---|---|---|
| Biblioteca Municipal de Montemor-o-Novo | 29218 | 58 PRE|DEP | Livro | Compra |